000 00703nam a2200241Ia 4500
003 OSt
005 20220923224125.0
006 a|||||r|||| 00| 0
007 ta
008 Pun
024 _a225,983
037 _cTextual
040 _aARTS
_cARTS
_bPun
041 _2Pun
_aPun
082 _aO153,1L30:g, L6
100 _aਸੌਨੀ, ਪ੍ਰੀਤਮ
_9156291
245 0 _aਹੀਰ ਵਾਰਿਸ Fਾਹ
_b ਇਕ ਪੁਨਰ ਮੁਲਾਂਕਣ
260 _aਲੁਧਿਆਣਾ
_c1976
300 _a239ਪੰ
_ccm.
650 _aਪੰਜਾਬੀ ਸਾਹਿਤ
942 _hO153,1L30:g, L6
_cTEXL
_2CC
999 _c369388
_d369388